[Event "Canadian op"]
[Site "Calgary"]
[Date "2023.07.26"]
[Round "6"]
[White "Gibson, Leroy"]
[Black "Zhao, Erin"]
[Result "0-1"]
[WhiteElo "1472"]
[BlackElo "1557"]
[PlyCount "108"]
[EventDate "2023.07.22"]
[EventType "swiss"]
[EventRounds "10"]
[EventCountry "CAN"]
[SourceTitle "EXT 2024"]
[Source "ChessBase"]
[SourceDate "2023.10.10"]
[SourceVersion "1"]
[SourceVersionDate "2023.10.10"]
[SourceQuality "1"]

1. Nf3 d5 2. d4 Nf6 3. Bf4 c5 4. e3 Nc6 5. Bb5 Bd7 6. 0-0 e6 7. Nbd2 a6 8. Bxc6 Bxc6 9. Ne5 Rc8 10. Nxc6 Rxc6 11. c3 Be7 12. Re1 0-0 13. Bg5 h6 14. Bh4 Nd7 15. Bg3 Bf6 16. Nf3 Qb6 17. Qe2 Rfc8 18. Rab1 Qa7 19. h3 b5 20. a3 b4 21. axb4 cxb4 22. cxb4 Qb6 23. Nh2 Qxb4 24. Ng4 a5 25. Nxf6+ Nxf6 26. f3 Rc2 27. Qd3 Rxb2 28. Rxb2 Qxb2 29. Re2 Rc1+ 30. Be1 Qa1 31. Kf2 a4 32. Qd2 a3 33. Qa2 Rxe1 34. Qxa1 Rxa1 35. Kg3 Ne8 36. e4 Nc7 37. Rc2 Na6 38. Rc8+ Kh7 39. exd5 exd5 40. Ra8 Nb4 41. Ra4 a2 42. Rxb4 Rb1 43. Ra4 a1Q 44. Rxa1 Rxa1 45. Kf4 Re1 46. g4 Kg6 47. h4 h5 48. gxh5+ Kxh5 49. Kf5 f6 50. f4 Rd1 51. Ke6 Rxd4 52. f5 Rd1 53. Kf7 Rg1 54. Ke6 d4 0-1

[Event "Canadian op"]
[Site "Calgary"]
[Date "2023.07.24"]
[Round "4"]
[White "Gibson, Leroy"]
[Black "Rekhson, Vladislav"]
[Result "0-1"]
[WhiteElo "1472"]
[BlackElo "2069"]
[PlyCount "62"]
[EventDate "2023.07.22"]
[EventType "swiss"]
[EventRounds "10"]
[EventCountry "CAN"]
[SourceTitle "EXT 2024"]
[Source "ChessBase"]
[SourceDate "2023.10.10"]
[SourceVersion "1"]
[SourceVersionDate "2023.10.10"]
[SourceQuality "1"]

1. Nf3 Nf6 2. c4 c5 3. Nc3 Nc6 4. d4 cxd4 5. Nxd4 e6 6. Bg5 Bc5 7. e3 0-0 8. a3 a5 9. Be2 Be7 10. 0-0 Qb6 11. Ncb5 d5 12. cxd5 Nxd5 13. Bxe7 Ncxe7 14. Qd2 e5 15. Nf3 e4 16. Nfd4 f5 17. Rfc1 Bd7 18. a4 f4 19. exf4 Nxf4 20. Bc4+ Kh8 21. Ne2 Nh3+ 22. gxh3 Qxf2+ 23. Kh1 Bxh3 24. Qg5 Qf3+ 25. Kg1 Ra6 26. Nf4 Rxf4 27. Be2 Qxe2 28. Rc8+ Bxc8 29. Qxf4 Rg6+ 30. Qg3 Rxg3+ 31. hxg3 Bh3 0-1